• 首页
  • 本馆介绍
  • 公告通知
  • 最新文献
  • 馆藏检索
  • 电子资源
  • 读者导购
  • 参考咨询
  • 我的图书馆
  • 登录
  • 期刊详细显示
  • 现刊情况显示
  • 合订本情况显示
  • 篇目信息显示

期刊信息

  • 表格格式
  • 工作单格式
  • 卡片格式
索取号 
O4/AJOP
题名 
American Journal of Physics
作者 
Robert H.Romer
分册号 
分册名 
出版地 
Maryland
出版者 
American Association of Physics Teachers
标准刊号 
0002-9505
出版频率 
月刊
中图法分类 
O4
主题词 
物理学
电子资源 
000 00714nas0 2200205 45
001 0731822405
005 20070416085732.56
011    @a0002-9505
100    @a20070416d km y0chiy0120 ea
101 0  @aeng
200 1  @aAmerican Journal of Physics@fRobert H.Romer
207    @aThe Journal was established in 1933 and from 19333 to 1940 it carried the title The American Physics Teacher.
210    @aMaryland@cAmerican Association of Physics Teachers
300    @aThe American Journal of Physics is devoted to the instructional and cultual aspects of physical science.
326    @a月刊
606 0  @a物理学
690    @aO4@v4
701  0 @aRobert H.Romer
801  0 @aCN@bPFT@c20070416
905    @aTJWY@dO4@eAJOP
    
    American Journal of Physics/Robert H.Romer.-The Journal was established in 1933 and from 19333 to 1940 it carried the title The American Physics Teacher.-Maryland:American Association of Physics Teachers
    
    The American Journal of Physics is devoted to the instructional and cultual aspects of physical science.
    
    ISSN 0002-9505
    
●
相关链接: 在易读查询期刊 在中国知网中查询期刊 在万方数据查询期刊 在维普查询期刊
唐山师范学院图书馆 欢迎您!
大连网信软件有限公司© 版权所有